header

Way of the trade (Record no. 36872)

MARC details
000 -LEADER
fixed length control field 01283nam a2200301 a 4500
082 04 - DEWEY DECIMAL CLASSIFICATION NUMBER
Classification number 332.64/202854678
100 1# - MAIN ENTRY--AUTHOR NAME
Personal name Yu, Jea.
245 10 - TITLE STATEMENT
Title Way of the trade
260 ## - PUBLICATION, DISTRIBUTION, ETC. (IMPRINT)
Place of publication Hoboken, N.J. :
Name of publisher Bloomberg Press,
Year of publication c2013.
300 ## - PHYSICAL DESCRIPTION
Number of Pages 1 online resource (xxi, 346 p.) :
Other physical details ill. (some col.)
500 ## - GENERAL NOTE
General note Includes index.
650 #0 - SUBJECT ADDED ENTRY--TOPICAL TERM
Topical Term Electronic trading of securities.
856 40 - ELECTRONIC LOCATION AND ACCESS
Uniform Resource Identifier http://site.ebrary.com/lib/rucke/Doc?id=10734619
588 ## -
-- Description based on online resource; title from title page (ebrary, viewed August 2, 2013).

No items available.

© 2026 Rongo University
Contact us: librarian | system librarian | Rongo university